000 00248nam a2200121Ia 4500
100 _a#N/A
942 _cBK
245 _aFundamentals of Kinematics and Dynamics of Machines
260 _b#N/A
082 _b21899
546 _aENGLISH
999 _c32446
_d32446